International responses to mass atrocities in Africa : responsibility to protect, prosecute, and palliate /

Bibliographic Details
Main Author: Mills, Kurt (Author)
Format: Book
Language:English
Published: Philadelphia : University of Pennsylvania Press, [2015]
Series:Pennsylvania studies in human rights.
Subjects:

MARC

Tag First Indicator Second Indicator Subfields
LEADER 00000cam a2200000 i 4500
001 in00003594591
005 20170928135349.0
008 150310s2015 pau b 001 0 eng c
010 |a  2015009521 
019 |a 905566858 
020 |a 9780812247374 (alk. paper) 
020 |a 081224737X (alk. paper) 
029 1 |a CHVBK  |b 341668281 
029 1 |a CHBIS  |b 010428798 
029 1 |a AU@  |b 000054667301 
035 |a (OCoLC)ocn906936347 
035 |a (OCoLC)906936347  |z (OCoLC)905566858 
040 |a PU/DLC  |b eng  |e rda  |c PAU  |d DLC  |d STF  |d BTCTA  |d YDXCP  |d BUF  |d BDX  |d CLU  |d TXA  |d UtOrBLW 
042 |a pcc 
043 |a fb----- 
049 |a TXAM 
050 0 0 |a JZ6369  |b .M55 2015 
082 0 0 |a 363.32/15260967  |2 23 
100 1 |a Mills, Kurt,  |e author.  |0 http://id.loc.gov/authorities/names/n98011304 
245 1 0 |a International responses to mass atrocities in Africa :  |b responsibility to protect, prosecute, and palliate /  |c Kurt Mills. 
264 1 |a Philadelphia :  |b University of Pennsylvania Press,  |c [2015] 
300 |a xiii, 302 pages :  |b maps ;  |c 24 cm. 
336 |a text  |b txt  |2 rdacontent 
337 |a unmediated  |b n  |2 rdamedia 
338 |a volume  |b nc  |2 rdacarrier 
490 1 |a Pennsylvania studies in human 
504 |a Includes bibliographical references pages ([269]-292) rights and index. 
505 0 |a Interrogating international responsibilities -- Rwanda: the failure of "never again" -- Democratic Republic of the Congo: protecting civilians? -- Uganda (and beyond): testing the International Criminal Court -- Darfur: the post-World Summit test -- Realizing R2P3: labeling, institutions, and authority. 
650 0 |a Humanitarian intervention  |z Africa, Sub-Saharan  |x International cooperation  |v Case studies. 
650 0 |a Conflict management  |z Africa, Sub-Saharan  |x International cooperation  |v Case studies. 
650 0 |a Genocide intervention  |z Africa, Sub-Saharan  |x International cooperation  |v Case studies. 
650 0 |a Intervention (International law)  |v Case studies.  |0 http://id.loc.gov/authorities/subjects/sh2009127486 
830 0 |a Pennsylvania studies in human rights.  |0 http://id.loc.gov/authorities/names/n90627600 
938 |a Baker and Taylor  |b BTCP  |n BK0016807423 
938 |a YBP Library Services  |b YANK  |n 12346180 
938 |a Brodart  |b BROD  |n 113359101 
994 |a C0  |b TXA 
948 |a cataloged  |b h  |c 2016/1/27  |d c  |e blrosas  |f 10:20:47 am 
999 f f |s fcb4b517-6511-3d29-b8aa-3551ec34a5c1  |i e7382774-3131-34d4-956e-db2b4fd8d56c  |t 0 
952 f f |p normal  |a Texas A&M University  |b College Station  |c Sterling C. Evans Library  |d Evans: Library Stacks  |t 0  |e JZ6369 .M55 2015  |h Library of Congress classification  |i unmediated -- volume  |m A14843324030 
998 f f |a JZ6369 .M55 2015  |t 0  |l Evans: Library Stacks